Les Villes les plus peuplées du continent américain (Top 50) - Statistiques

Statistiques générales
  • Ce quiz a été pris 913 fois
  • Le résultat moyen est 28 sur 50
Statistiques - réponses
Population Ville % Correct
20 182 305 New York
99%
13 340 068 Los Angeles
96%
9 551 031 Chicago
92%
21 339 771 Mexico
90%
6 097 684 Washington
87%
6 012 331 Miami
86%
12 280 702 Rio de Janeiro
86%
4 656 132 San Francisco-Oakland
86%
13 693 657 Buenos Aires
85%
4 774 321 Boston
82%
7 102 796 Dallas-Fort Worth
82%
6 656 947 Houston
80%
9 904 727 Lima
80%
21 090 792 São Paulo
80%
9 286 225 Bogotà
79%
6 683 852 Santiago
79%
4 060 692 Montréal
78%
6 129 934 Toronto
76%
4 201 737 Brasilia
75%
3 733 580 Seattle
75%
5 322 310 Caracas
74%
6 069 875 Philadelphie
74%
4 302 043 Detroit
68%
2 814 330 Denver
64%
3 299 521 San Diego
64%
5 710 795 Atlanta
63%
2 653 330 Quito
63%
4 574 531 Phoenix
60%
2 749 161 Guatemala
44%
4 796 050 Guadalajara
42%
3 777 009 Medellin
41%
5 829 923 Belo Horizonte
39%
4 477 614 Monterrey
37%
2 797 407 Baltimore
36%
3 914 397 Recife
36%
3 524 583 Minnéapolis-St. Paul
35%
2 618 894 Port-au-Prince
33%
3 953 290 Salvador
31%
4 258 926 Porto Alegre
30%
2 911 278 Cali
29%
3 658 648 Saint-Domingue
25%
3 985 297 Fortaleza
24%
2 975 225 Tampa-St. Petersburg
20%
2 952 159 Guayaquil
17%
3 502 804 Curitiba
14%
2 954 767 Puebla-Tiaxcala
14%
2 576 836 Maracaibo
9%
2 811 588 St. Louis
6%
3 094 181 Campinas
5%
4 489 159 Riverside-San Bernardino
3%
Aucun quiz correspondant
Distribution des résultats
% des personnes avec chaque résultat
Percentile par nombre de réponses
Votre historique - résultats
Vous n’avez pas pris ce quiz